Pick the Characters from Naruto Quiz Stats

 Plays Quiz Updated Jul 10, 2019

Support Sporcle.
Go Orange.
Score 0/100 Timer 12:00
125 Plays Today
% Correct
Naruto
78.3%
Sakura
77.3%
Sasuke
77.1%
Kakashi
76.6%
Rock Lee
76.1%
Hinata
75.8%
Gaara
75.7%
Tsunade
75%
Jiraiya
75%
Ino
75%
Itachi
74.7%
Orochimaru
74.6%
Neji
74.5%
Tenten
74.4%
Shikamaru
73.8%
Might Guy
73.8%
Choji
73.6%
Kiba
72.9%
Pain
72.5%
Minato
72.2%
Konohamaru
72%
Akamaru
71.5%
Sai
71.1%
Madara
70.6%
Tobi
70.5%
Killer Bee
70.3%
Deidara
70.2%
Zabuza
69.8%
Kabuto
69.8%
Temari
69.8%
Iruka
69.4%
Asuma
69.1%
Shino
68.7%
Kisame
67.4%
% Correct
Danzo
67.4%
Sasori
67%
Zetsu
66.8%
Karin
66.2%
Sakon & Ukon
65.8%
Rin
65.7%
Haku
65.6%
Kankuro
64.6%
Hashirama
64.4%
Kushina
64.1%
Hidan
63.8%
Yamato
63.8%
Kurenai
63.7%
Konan
63.4%
Shizune
62.2%
Tobirama
61.9%
Obito
60.7%
Nagato
60.3%
Kakuzu
59.1%
Shisui
59%
Suigetsu
58.5%
Choza
58.1%
Chiyo
58%
Hiruzen
58%
Hanabi
57.6%
Jugo
57.2%
Shikaku
56.9%
Anko
55.6%
Kimimaro
54.4%
Fū (Jinchūriki)
50.8%
A
49.8%
Inoichi
49.5%
Mei
48.5%
Yahiko
47.7%
% Correct
Ebisu
46.7%
Darui
45.9%
Jirobo
45.7%
Utakata
45.5%
Moegi
45.2%
Tayuya
44.7%
Onoki
44.4%
Ibiki
44.2%
Hiashi
41.4%
Guren
40.7%
Mizuki
40%
Han
39.4%
Udon
39.3%
Hizashi
37.9%
Yagura
37.3%
Roshi
37.3%
Hayate
37.1%
C
37%
Baki
36.6%
Kidomaru
36.3%
Omoi
36.2%
Ao
36%
Sakumo
35.9%
Dosu
35.8%
Chojuro
34.3%
Yugito
33.6%
Kin
33.5%
Zaku
33.2%
Torune
32.5%
Fū Yamanaka
32.3%
Aoba
29.6%
Yugao
27.7%

You're not logged in!

Compare scores with friends on all Sporcle quizzes.
OR
Log In

From the Vault

Click the Poison Pokémon (Gen. 1)

by beforever

Just don't let the toxicity of the players get to you, though.
Remove Ads.
Support Sporcle.
Get the best of Sporcle when you Go Orange. This ad-free experience offers more features, more stats, and more fun while also helping to support Sporcle. Thank you for becoming a member.

Show Comments

Extras

Top Quizzes Today


Score Distribution

Your Account Isn't Verified!

In order to create a playlist on Sporcle, you need to verify the email address you used during registration. Go to your Sporcle Settings to finish the process.

Report this User

Report this user for behavior that violates our Community Guidelines.

Details: